Grandes autores grandes ilustradores /
Saved in:
| Format: | Book |
|---|---|
| Published: |
CABA :
Museo de Artes Plásticas Eduardo Sivori,
2010.
|
| LEADER | 00355nam a22001097a 4500 | ||
|---|---|---|---|
| 003 | AR-BeUNQ | ||
| 005 | 20240319074426.0 | ||
| 999 | |c 34473 |d 118273 | ||
| 245 | |a Grandes autores grandes ilustradores / | ||
| 260 | |a CABA : |b Museo de Artes Plásticas Eduardo Sivori, |c 2010. | ||
| 929 | |a DONACION |b Margarita Pierini |d 100,00 |e 20200316 |f PAT0076122 |g 3562 |h 1 |o PR |l Estante G | ||
| 942 | |c LIB |n 0 | ||